000 00771nam a22002175i 4500
001 157451
003 ES-MaACL
005 20250718062545.0
008 990308s1894 fr |||| | fre d
040 _aCAM
_bspa
_cCAM
100 1 _aLefévre, G.
_9128850
245 1 0 _aObligation morale et idéalisme /
_cpar G. Lifévre.
260 _aParis :
_bAncienne librairie Germer Baillière et Cie :
_bFélix Alcan éditeur,
_c1894 (
_eEvreux :
_fImprimerie de Ch. Hérissey)
300 _a157 p. ;
_c19 cm.
490 1 _aBibliotheque de philosophie contemporaine
650 7 _aÉtica
_2embne
_912577
752 _aFrancia -
_dParís
830 0 _aBibliotheque de philosophie contemporaine
_9181027
852 _aES-MaACL
_jF-11994
_z-- Enc. hol.
999 _c157451
_d157451